00746nam a2200181Ia 4500008004100000020001500041041001200056082001100068100001800079245005500097260003900152300000800191650001600199942000700215999001500222952015800237952016900395221030s9999 xx 000 0 und d a8177585517 aEnglish a105.23 aJ. B. Peatman 0aDesign With PIC Microcontrollerscby J. B. Peatman bPearson EdcuationaNew Delhic2008 a274 aBE Computer cBK c5763d5763 pBE 9651g235.00l0o105.23 r2024-06-13 00:00:00w2022-10-30yBK003Print4071aMIETLIBbMIETLIBcBL-Second, FL-1, CUP-56, SH-5, R-5d2008-05-0210HBE pBE 9652g235.00l0o105.23 r2024-06-13 00:00:00w2022-10-30yBK003Print4070aMIETLIBbMIETLIBcBL-Academic Block A, FL-1, CUP-126, SH-5, R-5d2008-05-0210HBE